Movies Quiz

Random Movies or Famous Quiz

Movie by Destroyed Landmark Quiz Stats

 Plays Quiz Updated Mar 5, 2012

Challenge
Share
Tweet
Embed
Score 0/22 Timer 07:00
1 Play Today
Landmark Movie % Correct
An alien Destroyer ship blasts a blue laser beam into the president's mansion (1996)Independence Day
83.8%
The statue (along with the rest of New York City) is flooded by a tsunami caused by global warming (2004)The Day After Tomorrow
71.6%
A giant lizard gets caught in the wires as fighter jets blast the beast with missiles (1998)Godzilla
68.7%
Lady Liberty gets a few puncture wounds and a scratch here and there as two teams of mutants duke it out on her head (2000)X-Men
67.8%
Invaders from the Red Planet blast the monument and use their flying saucers to push it around and ensure maximum carnage (1996)Mars Attacks!
64.3%
A subway train carrying explosives and the body of the masked hero finishes what Guy Fawkes started (2005)V for Vendetta
52.7%
A tsunami carrying an aircraft carrier smashes the White House (2009)2012
50%
The heroes coat the inside of the statue with ectoplasmic goo and use it to break through the walls of the art museum (1989)Ghostbusters II
48.5%
A giant monster decapitates the statue and sends the head careening down the streets (2008)Cloverfield
48.2%
A magnetic super-villain lifts the entire bridge and moves it to Alcatraz (2006)X-Men: The Last Stand
46.2%
A chunk of asteroid lays Paris to waste and topples the tower (1998)Armageddon
43.8%
Landmark Movie % Correct
Filmmaker-turned-terrorist Michael Moore suicide-bombs the monument (2004)Team America: World Police
35.3%
A giant, alien robot wrecks the bridge as it fights a gigantic woman and other odd beasts (2009)Monsters vs. Aliens
33.1%
A terrorist group hits the tower with a nanotechnology-based, metal-eroding warhead (2009)G.I. Joe: The Rise of Cobra
31.1%
A bumbling American tourist hits the monument with his car creating a domino effect (1985)National Lampoon's European Vacation
29.7%
The ground starts shakin' and the letters start fallin' (1974)Earthquake
29.2%
Big Ben's facade suffers minor damages when a cowboy, a Chinese guard, and an evil Parliament member crash through the clock's face (2003)Shanghai Knights
26.5%
Super-villain invaders rearrange the faces of George, Thomas, and Teddy and destroy Abe's (1980)Superman II
17.9%
A beefed-up Weird Al sends the sign (and other landmarks) up in flames (1989)UHF
16.9%
A weak spot in the atmosphere allows the sun to melt through the bridge leading to its collapse (2003)The Core
15.8%
The villain crashes his faulty rocket pack through the LAND part of the HOLLYWOODLAND sign (1991)The Rocketeer
14.8%
'Wild Bill' Kelso, an overzealous, trigger-happy fighter pilot, shoots out the LAND part of HOLLYWOODLAND (1979)1941
6.4%

You're not logged in!

Compare scores with friends on all Sporcle quizzes.
Join for Free
OR
Log In

You Might Also Like...

Show Comments

Extras

Top Quizzes Today


Score Distribution

Your Account Isn't Verified!

In order to create a playlist on Sporcle, you need to verify the email address you used during registration. Go to your Sporcle Settings to finish the process.

Report this User

Report this user for behavior that violates our Community Guidelines.

Details: